Perspektívy vodných ciest Slovenskej republiky po vstupe do Európskej únie

Informácia o odbornom seminári, konanom 23. 7. 2004 na STU v Bratislave.

Salvato in:
Dettagli Bibliografici
Autore principale: Novák, Vladimír
Natura: Capitolo di libro
Lingua:slovacco
Soggetti:
Tags: Aggiungi Tag
Nessun Tag, puoi essere il primo ad aggiungerne!!

MARC

LEADER 00000naa$a2200000$$$4500
001 0018770
005 20231016102106.5
041 0 |a slo 
044 |a SK 
245 1 0 |a Perspektívy vodných ciest Slovenskej republiky po vstupe do Európskej únie  |c Vladimír Novák 
520 |a Informácia o odbornom seminári, konanom 23. 7. 2004 na STU v Bratislave. 
610 2 0 |a doprava vodná 
610 2 0 |a cesty vodné 
610 2 0 |a Európska únia 
610 2 0 |a Slovensko 
100 1 |a Novák, Vladimír